Monarchs of the Hawaiian Kingdom - Statistics

General Stats
  • This quiz has been taken 6 times
  • The average score is 6 of 8
Answer Stats
Years Served Answer % Correct
1795 - 1819 Kamehameha I
100%
1819 - 1824 Kamehameha II
100%
1825 - 1854 Kamehameha III
100%
1855 - 1863 Kamehameha IV
100%
1863 - 1872 Kamehameha V
100%
1874 - 1891 Kalākaua
60%
1891 - 1893 Liliʻuokalani
40%
1873 - 1874 Lunalilo
0%
No matching quizzes found
Score Distribution
Percent of People with Each Score
Percentile by Number Answered
Your Score History
You have not taken this quiz